| 000 | 00603nam a2200205 a 4500 | ||
|---|---|---|---|
| 001 | 137 | ||
| 003 | CDMR | ||
| 005 | 20131128172048.0 | ||
| 008 | 130130s2000||||||||||||||||||||||||||||d | ||
| 020 | _a8434418142 | ||
| 040 |
_aCDMR _bcat _cCDMR |
||
| 100 | 1 |
_aOrtega, Félix _9115 |
|
| 245 | 1 | 0 |
_aAlgo más que periodistas _b: sociología de una profesión _cFélix Ortega, Mª Luisa Humanes |
| 260 |
_aBarcelona _c2000 _bAriel |
||
| 490 | 0 | _aAriel sociología | |
| 650 | 0 | 4 |
_92799 _aPeriodisme _xAspectes socials |
| 650 | 0 | 4 |
_93726 _aPeriodistes _zEspanya |
| 700 | 1 |
_93484 _aHumanes, Mª Luisa |
|
| 942 |
_cMON _2udc |
||
| 999 |
_c137 _d137 |
||